Reading into writing 2 (Record no. 3392)
[ view plain ]
| 000 -LEADER | |
|---|---|
| fixed length control field | 00492nam a22001697a 4500 |
| 003 - CONTROL NUMBER IDENTIFIER | |
| control field | URS |
| 005 - DATE AND TIME OF LATEST TRANSACTION | |
| control field | 20220114142502.0 |
| 008 - FIXED-LENGTH DATA ELEMENTS--GENERAL INFORMATION | |
| fixed length control field | 191010s1996 ph |||| |||| 00| 0 eng d |
| 020 ## - INTERNATIONAL STANDARD BOOK NUMBER | |
| International Standard Book Number | 9715693304 |
| 040 ## - CATALOGING SOURCE | |
| Transcribing agency | URS |
| Language of cataloging | eng |
| Modifying agency | rda |
| 050 14 - LIBRARY OF CONGRESS CALL NUMBER | |
| Classification number | PE 1122 |
| Item number | .D121 1996 |
| 100 ## - MAIN ENTRY--PERSONAL NAME | |
| Personal name | Dadufalza,Conception D. |
| 245 10 - TITLE STATEMENT | |
| Title | Reading into writing 2 |
| Statement of responsibility, etc. | Conception D. Dadufalza |
| 260 ## - PUBLICATION, DISTRIBUTION, ETC. | |
| Place of publication, distribution, etc. | MakatiCity: |
| Name of publisher, distributor, etc. | Bookmark Incorporation; |
| Date of publication, distribution, etc. | [1996] |
| 300 ## - PHYSICAL DESCRIPTION | |
| Extent | xi,476 pages: |
| Other physical details | with Illustration; |
| Dimensions | 25 cm. |
| 942 ## - ADDED ENTRY ELEMENTS (KOHA) | |
| Source of classification or shelving scheme | Library of Congress Classification |
| Koha item type | Reference |
| Withdrawn status | Source of classification or shelving scheme | Damaged status | Not for loan | Collection code | Home library | Current library | Shelving location | Date acquired | Total Checkouts | Full call number | Barcode | Date last seen | Price effective from | Koha item type |
|---|---|---|---|---|---|---|---|---|---|---|---|---|---|---|
| Library of Congress Classification | Non-fiction | Cainta College Library | Cainta College Library | On Display | 09/22/2017 | PE1122.D121 1996 | URSCAI-1203 | 09/22/2017 | 09/22/2017 | Reference | ||||
| Library of Congress Classification | Non-fiction | Cainta College Library | Cainta College Library | On Display | 09/22/2017 | PE1122.D121 1996 | URSCAI-1204 | 09/22/2017 | 09/22/2017 | Reference | ||||
| Library of Congress Classification | Non-fiction | Cainta College Library | Cainta College Library | On Display | 09/22/2017 | PE1122.D121 1996 | URSCAI-1184 | 09/22/2017 | 09/22/2017 | Reference | ||||
| Library of Congress Classification | Non-fiction | Cainta College Library | Cainta College Library | 05/16/2018 | PE1122.D121 1996 | URSCAI-1359 | 05/16/2018 | 05/16/2018 | Reference | |||||
| Library of Congress Classification | Non-fiction | Cainta College Library | Cainta College Library | 05/16/2018 | PE1122.D121 1996 | URSCAI-1360 | 05/16/2018 | 05/16/2018 | Reference | |||||
| Library of Congress Classification | Non-fiction | Cainta College Library | Cainta College Library | 05/16/2018 | PE1122.D121 1996 | URSCAI-772 | 05/16/2018 | 05/16/2018 | Reference | |||||
| Library of Congress Classification | Non-fiction | Cainta College Library | Cainta College Library | 05/16/2018 | PE1122.D121 1996 | URSCAI-771 | 05/16/2018 | 05/16/2018 | Reference |